| 000 | 00405 a2200169 4500 | ||
|---|---|---|---|
| 001 | 171123 | ||
| 020 | _a978-85-357-00995-7 | ||
| 040 | _cMagnum | ||
| 100 | _aMagalhães, Thereza Cochar | ||
| 240 | 1 | 0 |
_aPortuguês: linguagens 2 _lpor |
| 245 | 1 | 0 | _aPortuguês: linguagens 2 |
| 300 | _a464 | ||
| 362 | 0 | _a2008 | |
| 440 | 1 | _aAtual | |
| 697 | _aLÍNGUA, TEORIA DA LITERATURA E GRAMÁTICA | ||
| 942 | _cBK | ||
| 999 |
_c171123 _d171123 |
||